| 000 | 00690nam a22001937a 4500 | ||
|---|---|---|---|
| 008 | 120723t xxu||||| |||| 00| 0 eng d | ||
| 020 | _a9780071261890 | ||
| 050 | _aT58.6.O6 | ||
| 100 | _aO'Brain, James A. | ||
| 245 |
_aEnterprise information system. / _cJames A. O'Brain and George M. Marakas. |
||
| 250 | _a13th ed. | ||
| 260 |
_aBoston: _bMcGraw - Hill, _c2007. |
||
| 300 |
_axxxi, 542 p.: _bill.; _c28cm. |
||
| 500 | _aIncludes index. | ||
| 505 | _aContents: Foundation concepts -- Information technologies -- Business applications - Development processes -- Management challenges. | ||
| 650 | _aEnterprise information system. | ||
| 700 | _aMarakas, George M. | ||
| 942 |
_2lcc _cBK |
||
| 999 |
_c1803 _d9303 |
||